[Event "GEO chT Clubs 2017"]
[Site "Tbilisi"]
[Date "2017.12.03"]
[Round "5"]
[White "Pipia, Ekaterine"]
[Black "Kuchava, Ana"]
[Result "1/2-1/2"]
[WhiteElo "1685"]
[BlackElo "2164"]
[Annotator "TA"]
[PlyCount "202"]
[EventDate "2017.??.??"]
[EventCountry "GEO"]
[SourceTitle "playchess.com"]
[Source "ChessBase"]
[SourceQuality "1"]

{[%evp 27,202,0,8,0,0,-20,-12,-74,-63,-106,-61,-66,-64,-72,-71,-125,-105,-214,-93,-347,-310,-288,-285,-260,-4,0,8,8,14,0,14,14,26,8,21,1,28,0,0,-56,-56,-56,0,-56,-56,-56,0,-56,-56,-56,-64,-120,-106,-135,0,-56,-56,-56,-56,-56,0,-64,-56,-56,-56,-56,-56,-56,-56,-56,-56,-116,-81,-118,-113,-79,0,0,0,0,0,-31,0,0,0,0,0,0,0,0,0,0,0,0,0,0,0,0,0,0,0,0,0,0,0,-24,0,0,0,0,0,0,0,0,0,0,0,0,0,0,0,0,0,0,0,0,0,0,0,0,0,0,0,0,0,0,0,0,0,0,0,-8,-8,-52,0,0,0,0,0,0,0,0,0,0,0,0,0,0,0,0,0,0,0,0,0,0,815,0,0,0,0,0,0,0,0,0,0]} 1. d4 d5 2. c4 e6 3. Nf3 Nf6 4. Bg5 Be7 5. Nc3 O-O 6. e3 h6 7. Bh4 {[%cal Bg5h4,Bh4g3,Bg3e5][%mdl 32]} b6 8. Rc1 Bb7 9. Bd3 Nbd7 {[%cal Bb8d7,Bd7f6,Bf6e4][%mdl 32]} 10. O-O c5 11. cxd5 Nxd5 12. Bg3 N7f6 {D58: Queen's Gambit Declined: Tartakower Defence} 13. Qe2 Nxc3 14. bxc3 Ne4 {LiveBook: 3 Games} 15. Be5 Rc8 $146 ({Predecessor:} 15... Bd6 16. Rfd1 Qc7 17. Qc2 Nf6 18. Bxf6 Bxf3 19. gxf3 gxf6 20. f4 {½-½ (20) Chiburdanidze,M (2497)-Krush,I (2403) Bled 2002}) 16. Ba6 Qd5 17. Rfd1 (17. Bc4 $11 Qd7 18. Bb5) 17... cxd4 $1 $17 18. Rxd4 Bxa6 19. Qxa6 Qc6 20. c4 Bc5 21. Rd3 (21. Rdd1 $142) 21... Rfd8 22. Nd4 (22. Rxd8+ $17 {might work better.} Rxd8 23. Bd4) 22... Bxd4 (22... Qa8 $1 $19 {has better winning chances.} 23. Rb3 f6) 23. exd4 $4 {[%mdl 8192]} (23. Rxd4 $17 f6 24. Bg3) 23... Nc5 24. Qa3 Nxd3 25. Qxd3 {and the idea Qg3 leaves White hopeful.} f6 $2 {[#]} (25... Qe8 $19 26. Qg3 Qf8) 26. Bxf6 $1 $11 {[%mdl 512]} Rf8 (26... gxf6 $5 27. Qg6+ $8 Kf8 28. Qxf6+ Ke8 29. Qg6+ Kf8 30. Qxh6+ Kf7 31. Qh7+ Kf8 32. Qh6+ Ke8 33. Qg6+ Kf8 34. Qf6+ Ke8 $11) 27. Be5 Rf7 28. Qg6 Qd7 29. h3 Rc6 30. Rc3 Rf5 31. Rg3 {[%cal Re5g7]} Rg5 32. Rxg5 hxg5 33. Qxg5 (33. Bxg7 $11 Qf7 34. Qe4) 33... Rxc4 {[%mdl 4096] Endgame KQR-KQB} 34. Qg3 Ra4 (34... Rc2 $15 35. a3 Qf7) 35. Qb3 (35. Qf3 $1 $11) 35... b5 $15 36. Kh2 a5 (36... Rc4 $15) 37. a3 ({Better is} 37. f4 $1 $11) 37... Rc4 $1 38. Qf3 Rc6 39. Qb3 {[#]} (39. Qg4 $15) 39... Rb6 $1 $17 40. f4 Qd5 (40... b4 $17 41. f5 Qf7 42. axb4 axb4 43. fxe6 Qxe6) 41. Qc3 ({White should try} 41. Qc2 $1 $11) 41... Rc6 $15 42. Qg3 {[%csl Ge5][%cal Rg3g7]} Qd7 43. Qb3 Rc4 (43... Rc8 $15) 44. Qf3 (44. a4 $1 $11) 44... a4 $36 {[%mdl 2048] Black has some pressure.} 45. Qa8+ Rc8 46. Qf3 Rf8 47. Qc3 Ra8 48. Qb4 Rc8 49. Qa5 {[#]} (49. Qe1 $15) 49... Qb7 $1 $17 50. Qd2 Qe4 {Threatens to win with ...Rc2.} 51. Qf2 b4 (51... Ra8 $17 52. Qa2 Qd5) 52. Qg3 $11 {[%csl Ge5][%cal Rg3g7]} Qb7 $1 53. axb4 Ra8 54. Qa3 Qb5 {[%mdl 1024] Black has compensation.} 55. Qg3 {[%csl Ge5][%cal Rg3g7]} Ra7 56. Qg6 Qd7 {Strongly threatening ...a3.} 57. b5 a3 {aiming for ...a2.} 58. d5 {Black must now prevent b6.} exd5 {With the idea ...a2.} 59. b6 Rb7 60. Qg3 Rxb6 61. Qxa3 Rg6 62. Qd3 (62. Qa8+ {feels hotter.} Kh7 63. Qa3 Qf5 64. Qe7 Qe4 65. Qh4+) 62... Rc6 (62... Qf7 {keeps more tension.} 63. Qd4 Qd7 64. Qf2 Qf7 65. Qd4) 63. Qb3 Rc8 64. Qd3 Rf8 65. Qd4 Rf7 66. Qb2 Qb7 67. Qd4 Qc6 68. Qb2 Rb7 69. Qa1 Rd7 70. Qb2 Qb7 71. Qc3 Rd8 72. Qa1 Rc8 73. Qa4 Ra8 74. Qc2 Ra6 75. Qc3 Rc6 76. Qa5 Rc8 77. Qa1 Rc2 {...d4! is the strong threat.} 78. Qa4 Rc8 79. Qa1 Rd8 80. Qd4 Qd7 81. Kg3 Qf5 82. Kh2 Rd7 83. Kh1 Qe4 84. Qc5 Kh7 {And now ...d4 would win.} 85. Qc8 Ra7 ({Black should play} 85... Qf5 $15) 86. Qg4 Qg6 {Threatening ...Qxg4.} 87. Qh4+ Qh6 88. Qd8 Qe6 89. Qh4+ Kg8 90. Qd8+ Kh7 91. Qh4+ Qh6 92. Qd8 Qc6 93. Qh4+ Kg8 94. Qd8+ Kf7 95. Qh8 Ke6 96. Qg8+ Kf5 $2 {[%mdl 8192]} (96... Rf7 $11) 97. Qf8+ $2 ({Only move:} 97. Qh7+ $18 g6 98. Qxa7) 97... Kg6 {The position is equal.} 98. Qd8 Rd7 99. Qg5+ Kh7 100. Qh5+ Kg8 101. Qe8+ Kh7 {Precision: White = 52%, Black = 51%.} 1/2-1/2

[Event "GEO chT Clubs 2017"]
[Site "Tbilisi"]
[Date "2017.12.04"]
[Round "6"]
[White "Mchedlishvili, Mikheil"]
[Black "Tsomaia, Nikoloz"]
[Result "1-0"]
[WhiteElo "2604"]
[BlackElo "2206"]
[Annotator "TA"]
[PlyCount "81"]
[EventDate "2017.??.??"]
[EventCountry "GEO"]
[SourceTitle "playchess.com"]
[Source "ChessBase"]
[SourceQuality "1"]

{[%evp 14,81,10,-1,14,16,57,45,51,48,39,37,91,15,25,37,33,40,33,33,33,27,38,36,38,25,44,26,37,28,33,0,24,-10,86,80,89,85,96,99,86,100,150,92,149,160,155,155,139,152,236,138,160,138,146,104,126,126,123,97,158,156,168,164,158,123,279,266,672,669]} 1. d4 d5 2. c4 e6 3. Nc3 Be7 4. cxd5 exd5 5. Bf4 c6 6. e3 Bf5 7. Nge2 Nd7 8. f3 {LiveBook: 12 Games. D31: Queen's Gambit Declined: Semi-Slav without ...Nf6 (+ Marshall Gambit and Noteboom) and Exchange Variation lines without ...Nf6} (8. Ng3 Bg6 9. Be2 Nf8 10. h4 Bxh4 11. Qb3 Bxg3 12. Bxg3 Qb6 13. Qa3 Ne6 14. b4 Ne7 15. b5 Qd8 16. Bd6 f6 {½-½ (38) Grischuk,A (2737)-Dominguez Perez,L (2739) Doha 2016}) 8... Ngf6 9. g4 Be6 10. Bg3 {White is slightly better.} c5 $146 ({Predecessor:} 10... Nf8 11. Nf4 Bc8 12. h4 Ng6 13. Nd3 Bd6 14. Bf2 Qe7 15. Be2 Bd7 {½-½ (51) Urday Caceres,H (2445)-De Toledo,J (2395) Americana 1997}) 11. Bg2 O-O 12. O-O Re8 (12... Rc8 $14) 13. h3 ({Better is} 13. Nb5 $16) 13... Nb6 14. b3 Rc8 15. Rc1 a6 16. dxc5 Bxc5 17. Nd4 Qe7 18. Bf2 h6 19. Nce2 {[%cal Bc3e2,Be2f4,Bf4d5][%mdl 32]} Bd7 20. a4 Ba3 21. Rxc8 Nxc8 22. Nf4 Na7 23. h4 g6 (23... Nc6 $11) 24. g5 hxg5 25. hxg5 Nh7 26. Nxd5 Qxg5 27. f4 Qd8 28. b4 $36 {[%mdl 2048] White is on the roll.} ({White should try} 28. f5 {Black must now prevent fxg6.} Bd6 29. fxg6 fxg6 30. Qd3) 28... Bb2 (28... Bh3 $142 29. Bxh3 Qxd5) 29. Qd2 $16 Bxd4 30. Qxd4 Nc6 {[#]} 31. Qc5 $1 Bg4 (31... Be6 $16) 32. e4 (32. b5 $18 axb5 33. axb5) 32... Qd7 {[#]} 33. Qc3 $1 Ne7 34. Ne3 Rc8 35. Qe5 Nc6 36. Qb2 Rd8 (36... a5 $142) 37. b5 axb5 38. axb5 Ne7 39. b6 Nf8 $2 (39... Nc6 $16 40. f5 Bh5) 40. Bh4 Be6 $2 {[#]} (40... Bh5 41. f5 Qd3) 41. f5 $1 {[%mdl 512] Precision: White = 66%, Black = 19%.} 1-0

[Event "GEO chT Clubs 2017"]
[Site "Tbilisi"]
[Date "2017.12.04"]
[Round "6"]
[White "Jojua, Davit"]
[Black "Chanturia, Lasha"]
[Result "1-0"]
[WhiteElo "2591"]
[BlackElo "1793"]
[Annotator "TA"]
[PlyCount "61"]
[EventDate "2017.??.??"]
[EventCountry "GEO"]
[SourceTitle "playchess.com"]
[Source "ChessBase"]
[SourceQuality "1"]

{[%evp 15,61,29,38,8,32,25,9,14,87,90,86,72,119,106,129,114,128,127,136,98,115,109,117,85,137,134,144,144,157,181,217,193,184,175,226,202,371,358,526,516,505,365,641,627,616,616,895,888]} 1. d4 Nf6 2. c4 e6 3. Nf3 b6 4. g3 Bb7 5. Bg2 Be7 6. O-O O-O 7. Re1 Ne4 {E17: Queen's Indian: 4 g3 Bb7 5 Bg2 Be7} (7... Na6 8. a3 d5 9. cxd5 exd5 10. b4 c5 11. bxc5 bxc5 12. Nc3 Ne4 13. Bb2 Rb8 14. e3 Ba8 15. Qc2 cxd4 16. Nxd4 {½-½ (30) Vidit,S (2702)-Eljanov,P (2734) Douglas 2017}) 8. Nfd2 f5 {LiveBook: 16 Games} 9. Qb3 $146 ({Predecessor:} 9. d5 exd5 10. cxd5 Qe8 11. Nxe4 fxe4 12. Nc3 Bb4 13. Bd2 Bxc3 14. Bxc3 Qf7 15. Bxe4 Qxf2+ {1-0 (42) Dambacher,M (2490)-Erwich,F (2370) Netherlands 2016}) 9... Nxd2 {The position is equal.} 10. Nxd2 Bxg2 11. Kxg2 f4 (11... Bf6 $11 {remains equal.}) 12. Nf3 $16 fxg3 13. hxg3 Nc6 14. d5 exd5 15. cxd5 Na5 16. Qc2 Qe8 17. Rh1 ({Don't do} 17. Qxc7 Bb4 $14) 17... Qg6 18. Qxg6 hxg6 19. Ne5 Bc5 {[#]} ({Better is} 19... Rfe8) 20. e3 $1 $36 {[%cal Be2e3,Be3e4][%mdl 2080] White is in control.} Rf5 21. Nxg6 ({Don't take} 21. Nxd7 $6 Bd6 $16) 21... Kf7 22. Nf4 Rf8 23. e4 Re5 24. f3 Re7 (24... Ree8 $142 25. b3 Bd4) 25. Rh5 {Black must now prevent Rf5+.} g6 $2 {[#]} (25... Bd4 {was necessary.} 26. Nd3 Nb7) 26. Rh7+ $18 Kf6 (26... Ke8 $142) 27. Rh6 Rg8 28. Rb1 Nc4 $2 (28... Bd4 29. d6 cxd6 30. Nd5+ Kf7 31. Nxe7 Kxe7 32. Bg5+ Ke6) 29. Nh5+ {White is clearly winning.} Kf7 30. Rh7+ Ke8 31. Nf6+ {Precision: White = 75%, Black = 37%.} 1-0

[Event "GEO chT Clubs 2017"]
[Site "Tbilisi"]
[Date "2017.12.04"]
[Round "6"]
[White "Sturua, Zurab"]
[Black "Khvadagiani, Nika"]
[Result "1-0"]
[WhiteElo "2536"]
[BlackElo "2001"]
[Annotator "TA"]
[PlyCount "87"]
[EventDate "2017.??.??"]
[EventCountry "GEO"]
[SourceTitle "playchess.com"]
[Source "ChessBase"]
[SourceQuality "1"]

{[%evp 21,87,116,116,95,96,90,129,133,155,155,161,170,194,194,194,172,179,172,172,177,194,194,200,195,252,252,252,252,252,252,263,263,263,263,263,263,263,263,263,263,263,256,256,256,256,256,256,253,256,256,256,256,256,256,343,292,567,547,883,842,1178,1172,1379,1493,2167,2259,2015,1999]} 1. c4 Nf6 2. Nc3 g6 3. d4 Bg7 4. g3 d6 5. Bg2 O-O 6. Nf3 c6 7. O-O Bg4 8. h3 Bxf3 9. Bxf3 e5 10. d5 {E62: King's Indian: Fianchetto: 6...c6 and Panno Variation (6...Nc6) without ...a6} c5 11. e4 Nbd7 {LiveBook: 5 Games} 12. Bg5 {White is better.} (12. Bg2 Ne8 13. Qc2 a6 14. Bd2 Nc7 15. a4 b6 {½-½ (77) Chekhov,S (2458)-Kharitonov,A (2547) Voronezh 2012}) 12... h6 13. Bd2 $146 ({Predecessor:} 13. Be3 Nb6 14. b3 Nh7 15. Rc1 f5 16. Bd2 a6 17. Bg2 Nd7 18. f3 {½-½ (41) Kuzmanovic,Z-Ristic,S (2155) Belgrade 2005}) 13... Ne8 14. h4 {[%cal Bh3h4,Bh4h5][%mdl 32]} a6 15. h5 Rb8 16. a4 a5 17. Qc1 Kh7 18. Nd1 Nef6 19. Kg2 Ng8 20. Rh1 g5 21. Ne3 Ne7 22. Be2 f6 (22... Qc7 {keeps fighting.} 23. Qc2 Nf6) 23. Bg4 $18 b6 24. Qc2 Ra8 25. Raf1 Qc7 26. Rh2 Rae8 27. Kh1 Nb8 28. f3 {[%cal Bf2f3,Bf3f4][%mdl 32]} Na6 29. Qd1 Qd8 30. Bc1 Qc7 31. f4 Qd8 32. Rhf2 Nc7 33. Bh3 Kh8 34. Rf3 Kh7 35. Qc2 Kh8 36. Qg2 Kh7 37. Bg4 Na6 38. Qh3 Qa8 $2 {[#]} (38... Kh8 39. Bd7 f5) 39. Bd7 {White is clearly winning.} Rd8 40. fxg5 fxg5 41. Rf7 Nb8 42. Rxe7 {[#] Intending Qe6 and mate.} Nxd7 43. Rxf8 Nxf8 44. Qf5+ {Precision: White = 87%, Black = 41%.} 1-0

[Event "GEO chT Clubs 2017"]
[Site "Tbilisi"]
[Date "2017.12.04"]
[Round "6"]
[White "Quparadze, Giga"]
[Black "Tutisani, Noe"]
[Result "1/2-1/2"]
[WhiteElo "2515"]
[BlackElo "2361"]
[Annotator "TA"]
[PlyCount "121"]
[EventDate "2017.??.??"]
[EventCountry "GEO"]
[SourceTitle "playchess.com"]
[Source "ChessBase"]
[SourceQuality "1"]

{[%evp 20,121,12,-23,-25,-12,0,-1,0,-10,-6,-28,-35,-29,-6,-20,-10,-15,-10,-21,-22,-16,-28,-38,-36,-145,-23,-29,-24,-21,-9,-22,0,-4,0,0,0,0,0,0,0,0,0,-9,0,0,0,0,0,-14,-14,-17,-19,-30,0,0,0,0,0,0,0,0,8,0,8,8,8,8,8,0,0,0,8,8,8,8,8,8,8,8,8,9,12,11,18,8,8,8,14,14,13,8,14,8,12,8,8,0,0,0,0,0,0,0]} 1. e4 e5 2. Nf3 Nc6 3. Bc4 Bc5 4. O-O d6 5. c3 Nf6 6. d3 a6 7. Bb3 Ba7 8. Nbd2 h6 9. Nc4 O-O 10. Re1 Re8 {C54: Giuoco Piano: 4 c3 Nf6, main lines with 5 d4 and 5 d3} (10... Be6 11. Be3 Bxe3 {½-½ (11) Spasov,V (2594)-Eljanov,P (2712) Konya 2011}) 11. Be3 {LiveBook: 6 Games} b5 12. Ncd2 Na5 13. Bxa7 $146 {[#] Be3 is the strong threat.} ({Predecessor:} 13. Bc2 c5 14. h3 d5 15. Nf1 dxe4 16. dxe4 Nc4 17. Qxd8 Rxd8 18. Bc1 {1-0 (60) Kosten,A (2485)-Motwani,P (2470) London 1990}) 13... Rxa7 14. Bc2 c5 15. d4 cxd4 16. cxd4 Nc6 17. d5 Nb4 18. Bb1 a5 $1 19. a3 Na6 20. b4 Qb6 21. Qb3 Bd7 22. Bd3 (22. Qb2 $15) 22... Rea8 ({Better is} 22... axb4 $17 {aiming for ...Nc5.} 23. axb4 Rea8) 23. h3 Nc7 24. Qb2 Nfe8 (24... axb4 {with more complications.} 25. axb4 Nh5 26. Bf1 Ra4 27. Rec1 Qb8) 25. Nf1 axb4 26. axb4 Rxa1 27. Rxa1 Rxa1 28. Qxa1 f5 29. Ne3 Nf6 30. Qb1 f4 31. Nd1 g5 32. Nc3 Na6 33. Qb2 Kf7 34. Qe2 {[%cal Rd3b5]} (34. Na2 {feels hotter.} Nc7 35. Nc1 Na6 36. Na2) 34... Nxb4 35. Bxb5 Bxb5 36. Nxb5 g4 37. hxg4 {The position is equal.} Nxg4 38. Nd2 h5 $1 39. Nc4 Qc5 $1 40. Nbxd6+ Kg6 {[#] Strongly threatening ...Nd3!} 41. Qb2 Nd3 42. Qb6 $1 Qxb6 43. Nxb6 Ndxf2 $11 {[%mdl 4096] Endgame KNN-KNN} 44. Nb7 Nxe4 45. d6 Nef6 (45... Ngf6 {seems wilder.} 46. d7 Nxd7 47. Nxd7 Kf5 48. Nd8 Nf6) 46. d7 Nxd7 $1 47. Nxd7 Kf5 48. Ndc5 Nf6 49. Nd6+ Kg4 50. Nd3 Nd7 51. Nf2+ Kg5 52. Kh2 Nf6 53. Kh3 Nd5 54. Nfe4+ Kg6 55. Nc5 Kf6 56. Nc4 Kf5 57. Nd3 f3 58. g3 Ke4 59. Ndxe5 Ne3 {Hoping for ...f2.} 60. Nxe3 Kxe3 61. Nxf3 {Precision: White = 53%, Black = 62%.} 1/2-1/2

[Event "GEO chT Clubs 2017"]
[Site "Tbilisi"]
[Date "2017.12.04"]
[Round "6"]
[White "Shanava, Konstantine"]
[Black "Bechvaia, Gabriel"]
[Result "1-0"]
[WhiteElo "2512"]
[BlackElo "1806"]
[Annotator "TA"]
[PlyCount "79"]
[EventDate "2017.??.??"]
[EventCountry "GEO"]
[SourceTitle "playchess.com"]
[Source "ChessBase"]
[SourceQuality "1"]

{[%evp 9,79,-39,-41,-35,-10,-56,-44,-52,-44,-55,0,-4,5,0,13,15,60,-11,147,139,154,141,154,152,151,158,158,153,150,150,195,154,260,138,285,274,241,273,250,249,355,317,316,313,271,294,448,348,345,337,314,284,312,320,324,310,387,343,523,520,512,512,615,627,625,592,696,702,849,845,716,704]} 1. e4 c5 2. Nc3 Nc6 3. f4 g6 4. Nf3 Bg7 5. h3 (5. Bb5 Nd4 6. O-O Nxb5 7. Nxb5 d6 8. d3 Nf6 9. Qe1 h6 10. Nc3 b6 11. b3 O-O 12. f5 gxf5 13. Qh4 Ng4 14. h3 Bxc3 15. hxg4 e6 16. Bg5 hxg5 17. Nxg5 {1-0 (62) Adhiban,B (2671)-Oparin,G (2626) Monzon 2016}) 5... e6 6. Bb5 {B23: Closed Sicilian: Lines without g3} Nd4 7. O-O a6 8. Bd3 $146 {Black is slightly better.} ({Predecessor:} 8. Be2 Ne7 9. e5 Ndc6 10. Ne4 Nf5 11. g4 d5 12. Nf2 Ng3 {½-½ (36) Leszczynski,T (1676)-Malanowski,L (1587) Pirai do Sul 2017}) 8... Ne7 9. e5 d6 (9... Nxf3+ $15 10. Qxf3 d5) 10. Ne4 $11 dxe5 11. fxe5 {[#] Threatens to win with Nd6+.} Nxf3+ 12. Qxf3 Qd4+ 13. Kh1 (13. Rf2 $1 $14 O-O 14. Nf6+ Bxf6 15. exf6) 13... Qxe5 $2 (13... Nf5 $11) 14. Nd6+ $16 Qxd6 15. Qxf7+ Kd8 16. Qxg7 Qd4 17. Qxd4+ cxd4 18. b3 e5 19. Ba3 {Rf7 is the strong threat.} Nf5 20. Kh2 {And now g4 would win.} Re8 (20... h5 $16 21. Rae1 Re8) 21. Rae1 ({Better is} 21. g4 $18) 21... Kc7 (21... h5 $16 22. Bc4 Be6) 22. g4 $18 Nh6 23. Kg3 Bd7 24. Rf6 Ng8 (24... Bb5 $142 25. Rxe5 Rxe5) 25. Bd6+ Kc6 26. Be4+ Kb6 27. Rf7 Rad8 (27... Bc6 {might work better.} 28. Bxc6 Kxc6) 28. b4 Re6 29. Bc5+ Kc7 {and the idea ...b6 leaves Black hopeful.} 30. g5 b6 {[#]} 31. Bf8 $1 ({Inferior is} 31. Rxh7 bxc5 32. bxc5 Ne7 $11) 31... Kc8 32. Bd5 Rde8 33. d3 R6e7 (33... Kd8 $142 34. h4 e4 35. Bxe6 (35. Bxe4 Bc6 $16) 35... Bxe6) 34. Bxe7 {White is clearly winning.} Nxe7 35. Be4 Nf5+ 36. Bxf5 Bxf5 37. Rxh7 e4 38. dxe4 Rxe4 39. Rxe4 Bxe4 40. Rh4 {Precision: White = 73%, Black = 35%.} 1-0

[Event "GEO chT Clubs 2017"]
[Site "Tbilisi"]
[Date "2017.12.04"]
[Round "6"]
[White "Batsiashvili, Nino"]
[Black "Pipia, Ekaterine"]
[Result "1-0"]
[WhiteElo "2497"]
[BlackElo "1791"]
[Annotator "TA"]
[PlyCount "86"]
[EventDate "2017.??.??"]
[EventCountry "GEO"]
[SourceTitle "playchess.com"]
[Source "ChessBase"]
[SourceQuality "1"]

{[%evp 15,86,3,36,31,79,73,80,79,67,46,91,21,74,49,108,100,87,32,94,-17,250,251,249,267,260,248,253,252,308,204,216,200,255,253,251,236,250,219,282,239,444,334,597,594,593,593,591,591,591,591,591,563,563,473,473,375,605,602,683,668,642,635,772,703,860,846,1526,1266,1767,1767,1670,1665,977]} 1. d4 d5 2. Bf4 Nf6 3. e3 e6 4. Nd2 c5 5. c3 Nc6 6. Bd3 Be7 7. Ngf3 O-O 8. Ne5 Bd7 {LiveBook: 5 Partien} 9. O-O {D02: Damenbauernspiele} c4 (9... Nxe5 10. dxe5 Ne8 11. e4 f6 12. exd5 exd5 13. Qe2 fxe5 14. Bxe5 Bf5 15. Bxf5 Rxf5 16. Rad1 Bd6 17. Bxd6 Qxd6 {1-0 (34) Miladinovic,I (2554)-Jemai,A (2155) Monastir 2012}) 10. Bc2 b5 11. Qf3 {Weiß steht besser.} b4 12. e4 $146 (12. Ndxc4 {is more complex.} dxc4 13. Nxc6 Bxc6 14. Qxc6 Rc8 15. Qf3) ({Vorgänger:} 12. Qh3 g6 13. Bh6 Re8 14. f4 bxc3 15. bxc3 Rb8 {1-0 (45) Vanka,M (2192)-Skrivanek,J (2228) Czechia 2006}) 12... a5 13. exd5 ({Besser ist} 13. Qh3 $16) 13... exd5 (13... Nxe5 $11 {hält das Gleichgewicht.} 14. Bxe5 Nxd5) 14. Ndxc4 $16 Nxd4 (14... bxc3 $14 15. bxc3 Nxd4 16. cxd4 dxc4) 15. cxd4 dxc4 16. d5 (16. Rfe1 $16) 16... Qc8 ({Lieber} 16... Bd6 $14) 17. d6 (17. Rac1 $16) 17... Bd8 $2 {[%mdl 8192]} (17... Bxd6 $11 {und Schwarz ist OK.} 18. Nxd7 Qxd7) 18. Nxd7 $18 Nxd7 {[#]} 19. Bf5 $1 {[%cal Rf5d7]} Ra7 20. Be3 $40 {[%mdl 128] Weiss greift entschieden an.} Rb7 21. Rac1 g6 22. Rxc4 Qxc4 23. Qxb7 gxf5 24. Qxd7 Qe6 25. Qc6 Bf6 26. b3 Be5 27. Rd1 {Droht Lb6 und aus.} f4 $2 (27... Rd8 {kämpft weiter.} 28. Bc5 Kg7) 28. Bc5 Rc8 $2 {[#]} (28... Bf6 29. Qd5 Qxd5 30. Rxd5 Re8) 29. Qxc8+ $1 {[%mdl 512]} Qxc8 30. d7 Qd8 {[#] Weiss muss nun ...Lc7 beachten.} 31. Bb6 $1 {[%mdl 512]} Qxb6 32. d8=Q+ Qxd8 33. Rxd8+ {[%mdl 4096] Endspiel KT-KL} Kg7 34. Ra8 Bc7 35. Kf1 Bb6 $2 (35... f3 36. gxf3 Kg6) 36. Ke2 {Weiß steht klar auf Gewinn.} f6 37. Kf3 Kg6 38. Kxf4 Bxf2 39. Rxa5 Bg1 40. h3 Bd4 41. Ke4 Bc3 42. a4 bxa3 43. Rxa3 f5+ {Precision: Weiß = 65%, Schwarz = 21%.} 1-0

[Event "GEO chT Clubs 2017"]
[Site "Tbilisi"]
[Date "2017.12.04"]
[Round "6"]
[White "Beradze, Irakli"]
[Black "Mgeladze, Tamaz"]
[Result "1-0"]
[WhiteElo "2452"]
[BlackElo "2303"]
[Annotator "TA"]
[PlyCount "101"]
[EventDate "2017.??.??"]
[EventCountry "GEO"]
[SourceTitle "playchess.com"]
[Source "ChessBase"]
[SourceQuality "1"]

{[%evp 21,101,53,71,46,47,5,5,8,0,0,1,-12,24,-6,45,0,56,57,69,74,79,75,133,96,86,96,85,85,113,109,112,104,121,127,160,153,245,241,316,293,299,281,311,304,292,287,338,0,432,414,388,227,668,642,638,632,1236,457,1172,283,413,418,460,408,581,565,1358,1330,1191,823,669,0,1026,833,804,797,1442,1434,1285,1257,29992,29991]} 1. d4 Nf6 2. c4 g6 3. Nc3 Bg7 4. e4 d6 5. Nf3 {[%cal Bg1f3,Bf3e1,Be1d3][%mdl 32]} O-O 6. Be2 e5 7. O-O Nc6 8. d5 Ne7 9. Ne1 Nd7 10. Be3 f5 11. f3 Nf6 {LiveBook: 43 Games} 12. Rc1 {E99: King's Indian: Classical Main Line: 9 Ne1 Nd7 10 f3 f5} (12. c5 f4 13. Bf2 g5 14. Rc1 a6 15. cxd6 cxd6 16. Na4 Bd7 17. Nb6 Rb8 18. Qc2 Ne8 19. Nd3 h5 20. Qb3 g4 21. Nc5 g3 22. Ncxd7 gxf2+ 23. Rxf2 {1-0 (23) Shankland,S (2581)-Jimenez Fraga,P (2446) Barcelona 2012}) 12... c5 13. dxc6 bxc6 14. Nd3 {The position is equal.} Be6 15. b3 $146 ({Predecessor:} 15. Qa4 Nd7 16. Qa3 c5 17. b4 cxb4 18. Nxb4 fxe4 19. fxe4 Rxf1+ 20. Rxf1 Bf8 {½-½ (20) Barbero,G (2365)-Silva Sanchez,C (2385) Villa Gesell 1985}) 15... a5 16. Qe1 c5 17. Rd1 Qb6 (17... Qb8 $1 $11) 18. Nb5 Rfd8 (18... f4 $11 19. Bd2 a4) 19. Bg5 $14 h6 20. Bxf6 $1 Bxf6 21. f4 Kh7 (21... Rac8 $142) 22. fxe5 dxe5 23. exf5 Bxf5 24. Bf3 Bxd3 25. Rxd3 Rxd3 26. Bxa8 Kg7 27. Be4 Rd7 28. Qf2 Ng8 (28... Rd8 $16 29. g3 Rf8) 29. Bxg6 $18 Bh4 30. Qf8+ ({Don't take} 30. Qxh4 Qxg6 31. Qe1 Qg5 $18) 30... Kh8 31. Be4 Bg5 32. Nc3 Qd6 {[#] Hoping for ...Qd4+.} 33. Bd5 {[%csl Gd5][%cal Rf8g8]} Qg6 34. Be4 $2 $40 {[%mdl 128] White attacks.} (34. Bxg8 $18 Be3+ 35. Kh1 Qxg8 36. Qf5) 34... Be3+ $2 {[%mdl 8192]} (34... Qd6 $11) 35. Kh1 Qg7 36. Nd5 (36. Bd5 $142) 36... Bd4 $2 (36... Qxf8 37. Rxf8 Bg5) 37. Qe8 {Rf8 is the strong threat.} Ra7 38. g3 Qg5 39. Qf8 (39. Nf6 $142 {Nxg8 would kill now.} Re7 40. Qd8) 39... Rg7 (39... Qg7 $142 40. Qe8 Qd7) 40. Qf3 $2 (40. Nf6 Bb2 41. Bd5) 40... Qd2 (40... h5 $142 41. Qf5 Qg4 42. Qxg4 Rxg4) 41. a4 Qg5 42. Qd1 Qd8 (42... Qg4 $142) 43. Rf5 Rg5 44. Qf3 {Threatening mate with Rf7.} Rg7 45. Kg2 Ba1 46. Kh1 (46. Rf8 $142 Qg5 47. Qf1) 46... Bd4 47. h4 Qd7 48. Kh2 Qd8 49. Rf8 Qd6 50. Qf5 {White wants to mate with Rf7.} Qd7 {[#]} 51. Rxg8+ $1 {[%mdl 512] Precision: White = 50%, Black = 23%.} 1-0